000 00489pam a2200169 a 4500
020 _a0471085103 :
_c$25.95 (est.)
050 0 0 _aHF 5635
_b.H45 1983
100 1 _aHelmkamp, John G.
245 1 0 _aPrinciples of accounting /
_cJohn G. Helmkamp, Leroy F. Imdieke, Ralph E. Smith.
260 _aNew York :
_bWiley,
_cc1983.
300 _axx, 1113 p. ;
500 _aIncludes index.
650 0 _xAcconting
700 1 _aImdieke, Leroy F.
700 1 _aSmith, Ralph Eugene,
942 _2lcc
_cGEN
999 _c9259
_d9259